书目信息 |
| 题名: |
土木工程施工技术
|
|
| 作者: | 郑少瑛 , 周东明 , 周少瀛 主编 | |
| 分册: | ||
| 出版信息: | 北京 中国电力出版社 2007.08 |
|
| 页数: | 224页 | |
| 开本: | 26cm | |
| 丛书名: | ||
| 单 册: | ||
| 中图分类: | TU74 | |
| 科图分类: | ||
| 主题词: | 土木工程--tu mu gong cheng--工程施工--高等学校--教材 | |
| 电子资源: | ||
| ISBN: | 978-7-5083-5897-0 | |
| 000 | 01098nam0 2200301 450 | |
| 001 | 012007365785 | |
| 005 | 20071228155253.46 | |
| 010 | @a978-7-5083-5897-0@dCNY23.20 | |
| 100 | @a20071228d2007 km y0chiy0120 ea | |
| 101 | 0 | @achi |
| 102 | @aCN@b110000 | |
| 105 | @aak a 000yy | |
| 106 | @ar | |
| 200 | 1 | @a土木工程施工技术@Atu mu gong cheng shi gong ji shu@f郑少瑛, 周东明, 周少瀛主编@Fzheng shao ying,zhou dong ming,zhou shao ying zhu bian |
| 210 | @a北京@c中国电力出版社@d2007.08 | |
| 215 | @a224页@c图@d26cm | |
| 300 | @a21世纪高等学校规划教材 | |
| 312 | @a英文并列题名取自封面 | |
| 320 | @a有书目 (第224页) | |
| 330 | @a本书从土木工程专业的需要出发,阐述了土木工程施工的基本理论及其工程应用,重点讲述了施工工艺、施工方法。 | |
| 510 | 1 | @aCivil engineering construction technology@zeng |
| 606 | 0 | @a土木工程@Atu mu gong cheng@x工程施工@x高等学校@j教材 |
| 690 | @aTU74@v4 | |
| 701 | 0 | @a郑少瑛@Azheng shao ying@4主编 |
| 701 | 0 | @a周东明@Azhou dong ming@4主编 |
| 701 | 0 | @a周少瀛@Azhou shao ying@4主编 |
| 801 | 0 | @aCN@bQSSK@c20071228 |
| 905 | @b274136-38@dTU74@eZ449@f3 | |
| 土木工程施工技术/郑少瑛, 周东明, 周少瀛主编.-北京:中国电力出版社,2007.08 |
| 224页:图;26cm |
| 21世纪高等学校规划教材 |
| ISBN 978-7-5083-5897-0:CNY23.20 |
| 本书从土木工程专业的需要出发,阐述了土木工程施工的基本理论及其工程应用,重点讲述了施工工艺、施工方法。 |
| ● |
| 相关链接 |
|
|
|
正题名:土木工程施工技术
索取号:TU74/Z449
 
预约/预借
| 序号 | 登录号 | 条形码 | 馆藏地/架位号 | 状态 | 备注 |
| 1 | 274136 | 202741364 | 建筑库201/201建筑库 108排4列1层/ [索取号:TU74/Z449] | 在馆 | |
| 2 | 274137 | 202741373 | 建筑库201/201建筑库 108排4列1层/ [索取号:TU74/Z449] | 在馆 | |
| 3 | 274138 | 202741382 | 建筑库201/201建筑库 108排4列1层/ [索取号:TU74/Z449] | 在馆 |